00525nam a2200157Ia 4500008004100000020001500041050002400056100001700080245007200097260006000169300002100229500005100250521000700301650002600308650003300334140529s9999 xx 000 0 und d a9814057339 aHD 30.55b.C73 1998 aCray, David. aMaking sense of managing culture /cDavid Cray, Geoffrey R. Mallory aLondon :bInternational Thomson Business Press,cc1998. a187 p. ;c22 cm. aIncludes bibliographical references and index. aGE aIndustrial sociology. aIntercultural communication.